Root nodules of legumes Struture and fonctions

Kaydedildi:
Detaylı Bibliyografya
Yazar: F J Berjersen
Materyal Türü: Kitap
Dil:Undetermined
Baskı/Yayın Bilgisi: Chichester Research Studies 1982
Konular:
Etiketler: Etiketle
Etiket eklenmemiş, İlk siz ekleyin!
Thư viện lưu trữ: Trung tâm Học liệu Trường Đại học Cần Thơ
LEADER 00471nam a2200181Ia 4500
001 CTU_8831
008 210402s9999 xx 000 0 und d
082 |a 583.32 
082 |b B496 
100 |a F J Berjersen 
245 0 |a Root nodules of legumes 
245 0 |b Struture and fonctions 
245 0 |c F J Berjersen 
260 |a Chichester 
260 |b Research Studies 
260 |c 1982 
650 |a legumes 
980 |a Trung tâm Học liệu Trường Đại học Cần Thơ